| 000 | 00766nam a2200241Ia 4500 | ||
|---|---|---|---|
| 003 | OSt | ||
| 005 | 20221005115235.0 | ||
| 006 | a|||||r|||| 00| 0 | ||
| 007 | ta | ||
| 008 | 221004b |||||||| |||| 00| 0 eng d | ||
| 024 | _a67767 | ||
| 037 | _cTextual | ||
| 040 |
_aCRL _cCRL _beng |
||
| 041 |
_2eng _aeng |
||
| 082 | _aX9F182:9y7231:N62, K1 | ||
| 110 |
_aIndia Labour And Employment (Ministryof ) _9627312 |
||
| 245 | 0 | _aCase study of labour management relations at the Godrej and Boyce Manufacturing Co Pvt Ltd., Bombay, ed by V B Kamath, etc. | |
| 260 | _c1961 | ||
| 650 | _aECONOMICS | ||
| 700 |
_aIndia Labour And Employment (Ministryof ) _9627313 |
||
| 942 |
_hX9F182:9y7231:N62, K1 _cTEXL _2cc |
||
| 999 |
_c1033905 _d1033905 |
||